| 000 | 00746cam a2200217 a 4500 | ||
|---|---|---|---|
| 020 | _a0072969105 (acidfree paper) | ||
| 020 | _a0073023744 (annotated instructor's ed. : acidfree paper) | ||
| 040 | _cDLC | ||
| 082 | 0 | 0 | _a513 HIL 2006 A032 Or. |
| 100 | 1 | _aBach, Daniel J. | |
| 245 | 1 | 0 |
_aPrealgebra : _bmathematics for a variable world / |
| 250 | _a3rd ed. | ||
| 260 |
_aBoston : _bMcGraw-Hill, _cc2006. |
||
| 300 |
_a1 v. (various pagings) : _bill. (some col.) ; _c28 cm. |
||
| 500 | _aIncludes indexes. | ||
| 650 | 0 | _aMathematics. | |
| 700 | 1 | _aLeitner, Patricia J. | |
| 856 | 4 | 2 | _uhttp://www.loc.gov/catdir/enhancements/fy0668/2004056974-d.html |
| 856 | 4 | 1 | _uhttp://www.loc.gov/catdir/enhancements/fy0668/2004056974-t.html |
| 942 | _cEK | ||
| 999 |
_c12143 _d12143 |
||